000 01018nam a2200229Ia 4500
001 15529
005 20260408124057.0
008 260306t2008||||xx |||||||||||||| ||und||
041 _aESP
082 _a542.1
_bC62
100 _aCifuentes Osorio, Gabriel Ricardo
_eAUT
245 0 _aManual prácticas de laboratorio de química
260 _c2008
300 _a114 páginas :
_c28 cm.
650 _aGEN
654 _aCCN
856 _uhttps://itmsp.museknowledge.com/UCSP?url=https://www.ebooks7-24.com:443/?il=10292&pg=1
_zVersión digital (2018)
856 _uhttps://0u213vmgv-y-https-ebooks7--24-com.itmsp.museknowledge.com/biblioteca.aspx
_zVéase además: Base de datos Ebook7-24
856 _uhttps://0u23fvmh3-y-https-www-clinicalkey-com.itmsp.museknowledge.com/student/login
_zVéase además: Base de datos ClinicalKey
856 _uhttps://0u216vmhh-y-https-accessmedicina-mhmedical-com.itmsp.museknowledge.com/
_zVéase además: Base de datos McGraw Hill Access Medicina
942 _cLIB
_dJUS
_fJUS
_2ddc
999 _c15529
_d15529